Statistics for Country Pairs bordering Country Triplets #1

Click here to take the quiz!

General Stats

  • This quiz has been taken 36 times
  • The average score is 11 of 15

Answer Stats

BORDERED COUNTRIES (C, D, E)COUNTRY PAIR (A & B)% Correct
Argentina, Bolivia, PeruBrazil & Chile
94%
Argentina, Paraguay, PeruBolivia & Brazil
88%
Belgium, France, GermanyLuxembourg & Netherlands
88%
France, Luxembourg, NetherlandsBelgium & Germany
81%
Brazil, Chile, ParaguayArgentina & Bolivia
78%
Germany, Italy, LiechtensteinAustria & Switzerland
78%
Armenia, Azerbaijan, IraqIran & Turkey
78%
Belarus, Poland, RussiaLithuania & Ukraine
78%
Azerbaijan, Georgia, IranArmenia & Turkey
75%
Bosnia and Herzegovina, Hungary, MontenegroCroatia & Serbia
75%
Botswana, South Africa, ZambiaNamibia & Zimbabwe
75%
South Africa, Zambia, ZimbabweBotswana & Mozambique
72%
Kosovo, Macedonia, MontenegroAlbania & Serbia
63%
China, Tajikistan, UzbekistanAfghanistan & Kyrgyzstan
59%
China, Turkmenistan, UzbekistanAfghanistan & Kazakhstan
53%

Score Distribution

Percentile by Number Answered

Percent of People with Each Score

Your Score History

You have not taken this quiz